Egy pálinkamanufaktúra arculattervezése

Bibliográfiai részletek
Szerző: Vidová Anita
További közreműködők: Hamburger Béla
Dokumentumtípus: Záródolgozat
Kulcsszavak:Zimek Manifaktúra Kft.
Pálinkakészítés
Marketing
Arculat
Imázs, analízis
Online Access:http://dolgozattar.uni-bge.hu/59417

MARC

LEADER 00000nta a2200000 i 4500
001 dolg59417
005 20260115122448.0
008 260115suuuu hu o 000 hun d
040 |a BGE Dolgozattár Repozitórium  |b hun 
041 |a hu 
100 1 |a Vidová Anita 
245 1 0 |a Egy pálinkamanufaktúra arculattervezése  |c Vidová Anita  |h [elektronikus dokumentum] 
516 |a Final_paper 
695 |a Zimek Manifaktúra Kft. 
695 |a Pálinkakészítés 
695 |a Marketing 
695 |a Arculat 
695 |a Imázs, analízis 
700 1 |a Hamburger Béla  |e ths 
856 4 0 |u http://dolgozattar.uni-bge.hu/59417/1/Vidova-Anita.pdf  |z Dokumentum-elérés